Como medir o déficit público : (Record no. 1429)

MARC details
000 -LÍDER
Campo Fixo de Controle 00896nam a2200277 a 4500
001 - NÚMERO DE CONTROLE
Campo de Controle 1429
003 - IDENTIFICAÇÃO DO NÚMERO DE CONTROLE
Campo de Controle BR-CuiBMT
005 - DATA E HORA DA ÚLTIMA ATUALIZAÇÃO
Campo de Controle 20231208004614.0
008 - DADOS FIXOS
Dados Fixos 231128s1999 dfba 000 0 por d
020 ## - INTERNATIONAL STANDARD BOOK NUMBER
Nº do ISBN 8585975040
040 ## - AGÊNCIA CATALOGADORA
Código da Agência Catalogadora BR-CuiBMT
Agência que transcreveu o registro BR-CuiBMT
080 ## - Nº DA CLASSIFICAÇÃO DECIMAL UNIVERSAL
Nº Class. CDU 336.5
Nº edição CDU 2007
090 ## - NÚMERO DE CHAMADA
Nº classificação 336.5
Cutter C735
245 00 - TÍTULO PRINCIPAL
Título principal Como medir o déficit público :
Subtítulo questões analíticas e metodológicas /
Indicação de responsabilidade organizadores Mario I. Blejer, Adrienne Cheasty ; tradução: Kátia A. Roque.
260 ## - PUBLICAÇÃO, DISTRIBUIÇÃO, ETC.
Local de publicação Brasília :
Editora Secretaria do Tesouro Nacional,
Data 1999.
300 ## - DESCRIÇÃO FÍSICA
N. páginas ou volumes 464 p. :
Ilustrações il. ;
Dimensões 21 cm
504 ## - NOTA DE BIBLIOGRAFIA, ETC.
Nota de bibliografia Inclui bibliografia.
650 ## - ASSUNTO TÓPICO
Cabeçalho tópico ou nome geográfico Déficit pública
Subdivisão geográfica Brasil
650 ## - ASSUNTO TÓPICO
Cabeçalho tópico ou nome geográfico Política fiscal
650 ## - ASSUNTO TÓPICO
Cabeçalho tópico ou nome geográfico Orçamento público
650 ## - ASSUNTO TÓPICO
Cabeçalho tópico ou nome geográfico Despesa pública
700 1# - ENTRADA SECUNDÁRIA -- NOME PESSOAL
Nome pessoal Becker, Mario I.
Termo de relação org.
700 1# - ENTRADA SECUNDÁRIA -- NOME PESSOAL
Nome pessoal Cheasty, Adrienne
Termo de relação org.
700 1# - ENTRADA SECUNDÁRIA -- NOME PESSOAL
Nome pessoal Roque, Kátia A.
Termo de relação trad.
942 ## - ELEMENTOS DE ENTRADA ADICIONAIS (KOHA)
Fonte de classificação ou esquema de arquivamento Classificação Decimal Universal
Tipo de item do Koha Livros
Holdings
Estado: removido Estado: perdido Fonte de classificação ou esquema de arquivamento Estado: danificado Indisponível para empréstimo Localização permanente Localização atual Data de aquisição Total Checkouts Número de Chamada completo Código de barras Date last seen Número do exemplar Preço efetivo a partir de Tipo de item (Koha)
    Classificação Decimal Universal     Biblioteca da Escola Superior de Contas do TCE/MT Biblioteca da Escola Superior de Contas do TCE/MT 07/12/2023   336.5 C735 BIBTCEMT23120319 08/12/2023 Ex. 1 08/12/2023 Livros

Powered by Koha